Pokémon Aleatorios por Imagen 2 - Estadísticas

Estadísticas generales
  • Esta prueba ha sido intentada 1.443 veces
    1.332 desde el último reinicio
  • La puntuación promedio es 11 de 20
Estadísticas de respuestas
Imagen Respuesta % Correcto
Greninja
93%
Volcarona
93%
Cosmog
92%
Emolga
91%
Lunala
91%
Snivy
91%
Zekrom
90%
Emboar
88%
Incineroar
88%
Serperior
88%
Tepig
88%
Tapu Koko
87%
Audino
85%
Noivern
85%
Decidueye
84%
Woobat
84%
Chandelure
83%
Delphox
83%
Landorus
83%
Samurott
83%
Sylveon
83%
Golurk
82%
Reshiram
82%
Xerneas
82%
Chespin
81%
Hoopa
81%
Mimikyu
81%
Roggenrola
81%
Tyrantrum
81%
Deino
80%
Gigalith
80%
Pancham
80%
Pangoro
80%
Noibat
79%
Solgaleo
79%
Zoroark
79%
Zorua
79%
Fennekin
78%
Talonflame
78%
Zygarde
78%
Melmetal
77%
Excadrill
76%
Froakie
76%
Haxorus
76%
Litleo
76%
Meltan
76%
Rowlet
76%
Tapu Bulu
76%
Axew
75%
Necrozma
75%
Tornadus
75%
Darmanitan
74%
Litten
74%
Sandile
74%
Yamask
74%
Gogoat
73%
Larvesta
73%
Pansage
73%
Popplio
73%
Dedenne
72%
Drilbur
72%
Floette
72%
Bisharp
71%
Liepard
71%
Malamar
71%
Mienfoo
71%
Oranguru
71%
Rufflet
71%
Stakataka
71%
Venipede
71%
Goodra
70%
Salandit
70%
Diancie
69%
Kartana
69%
Tapu Lele
69%
Bouffalant
68%
Fletchinder
68%
Mienshao
68%
Oshawott
68%
Aegislash
67%
Darumaka
67%
Klink
67%
Meloetta
67%
Pidove
67%
Primarina
67%
Scolipede
67%
Trevenant
67%
Zeraora
67%
Archeops
66%
Komala
66%
Salazzle
66%
Frogadier
65%
Gothita
65%
Mandibuzz
65%
Silvally
65%
Simisear
65%
Skiddo
65%
Cinccino
64%
Genesect
64%
Golisopod
64%
Goomy
64%
Lillipup
64%
Litwick
64%
Lycanroc
64%
Vikavolt
64%
Volcanion
64%
Avalugg
63%
Hawlucha
63%
Herdier
63%
Inkay
63%
Joltik
63%
Kyurem
63%
Patrat
63%
Pikipek
63%
Stoutland
63%
Throh
63%
Togedemaru
63%
Espurr
62%
Hydreigon
62%
Krookodile
62%
Oricorio
62%
Tapu Fini
62%
Accelgor
61%
Musharna
61%
Scraggy
61%
Terrakion
61%
Watchog
61%
Drampa
60%
Durant
60%
Flabébé
60%
Lurantis
60%
Seismitoad
60%
Simisage
60%
Yveltal
60%
Guzzlord
59%
Klang
59%
Pignite
59%
Whirlipede
59%
Stunfisk
58%
Swoobat
58%
Toucannon
58%
Binacle
57%
Dartrix
57%
Dragalge
57%
Hakamo-o
57%
Keldeo
57%
Klefki
57%
Marshadow
57%
Pawniard
57%
Trubbish
57%
Virizion
57%
Basculin
56%
Beartic
56%
Blitzle
56%
Heatmor
56%
Lilligant
56%
Minccino
56%
Naganadel
56%
Pansear
56%
Purrloin
56%
Archen
55%
Dewott
55%
Magearna
55%
Petilil
55%
Amaura
54%
Dhelmise
54%
Ferroseed
54%
Golett
54%
Pheromosa
54%
Rockruff
54%
Scrafty
54%
Dwebble
53%
Furfrou
53%
Garbodor
53%
Panpour
53%
Bunnelby
52%
Cubchoo
52%
Ducklett
52%
Eelektross
52%
Fletchling
52%
Florges
52%
Kommo-o
52%
Krokorok
52%
Reuniclus
52%
Thundurus
52%
Timburr
52%
Tyrunt
52%
Yungoos
52%
Braviary
51%
Aromatisse
50%
Buzzwole
50%
Celesteela
50%
Chesnaught
50%
Cofagrigus
50%
Cosmoem
50%
Ferrothorn
50%
Klinklang
50%
Munna
50%
Shelmet
50%
Tranquill
50%
Zweilous
50%
Alomomola
48%
Conkeldurr
48%
Cryogonal
48%
Foongus
48%
Frillish
48%
Leavanny
48%
Mudbray
48%
Palpitoad
48%
Tympole
48%
Vanillite
48%
Wishiwashi
48%
Xurkitree
48%
Charjabug
47%
Cobalion
47%
Sawk
47%
Servine
47%
Sewaddle
47%
Aurorus
46%
Boldore
46%
Clawitzer
46%
Elgyem
46%
Pyukumuku
46%
Zebstrika
46%
Araquanid
45%
Carracosta
45%
Código Cero
45%
Doublade
45%
Gothorita
45%
Helioptile
45%
Meowstic
45%
Pyroar
45%
Torracat
45%
Escavalier
44%
Galvantula
44%
Minior
44%
Pumpkaboo
44%
Stufful
44%
Tirtouga
44%
Toxapex
44%
Unfezant
44%
Vanillish
44%
Vivillon
44%
Braixen
43%
Fomantis
43%
Gothitelle
43%
Maractus
43%
Bewear
42%
Karrablast
42%
Simipour
42%
Solosis
42%
Brionne
41%
Crustle
41%
Lampent
41%
Vullaby
41%
Bergmite
40%
Mareanie
40%
Steenee
40%
Cottonee
39%
Diggersby
39%
Jellicent
39%
Passimian
39%
Phantump
39%
Sawsbuck
39%
Swirlix
39%
Carbink
38%
Crabominable
38%
Cutiefly
38%
Druddigon
38%
Heliolisk
38%
Palossand
38%
Poipole
38%
Swanna
38%
Tsareena
38%
Turtonator
38%
Tynamo
38%
Barbaracle
37%
Honedge
37%
Gourgeist
36%
Jangmo-o
36%
Skrelp
36%
Bruxish
34%
Quilladin
34%
Blacephalon
32%
Crabrawler
32%
Duosion
32%
Gurdurr
32%
Nihilego
32%
Ribombee
32%
Scatterbug
32%
Spritzee
32%
Eelektrik
31%
Shiinotic
31%
Trumbeak
31%
Amoonguss
30%
Deerling
30%
Fraxure
30%
Clauncher
29%
Grubbin
29%
Gumshoos
29%
Sandygast
29%
Sigilyph
27%
Whimsicott
27%
Dewpider
26%
Sliggoo
26%
Comfey
25%
Slurpuff
25%
Wimpod
25%
Beheeyem
23%
Swadloon
19%
Spewpa
18%
Bounsweet
17%
Vanilluxe
17%
Morelull
16%
Mudsdale
13%
No se encontraron pruebas coincidentes
Distribución de puntuación
Porcentaje de gente con cada puntuación
Porcentaje por número respondido
Historial de tus puntuaciones
No has intentado esta prueba desde el último reinicio